书目信息 |
| 题名: |
新教材完全考卷
|
|
| 作者: | 张硕 主编 | |
| 分册: | 上 七年级生物 | |
| 出版信息: | 长春 吉林人民出版社 2024 |
|
| 页数: | 56页,7栏 | |
| 开本: | 30×42cm | |
| 丛书名: | ||
| 单 册: | ||
| 中图分类: | G634 , G634.915 | |
| 科图分类: | ||
| 主题词: | 生物课--初中--习题集 , 生物课 | |
| 电子资源: | ||
| ISBN: | 978-7-206-10470-1 | |
| 000 | 00821nam0 2200277 450 | |
| 001 | 012024000400 | |
| 005 | 20241118235050.0 | |
| 010 | @a978-7-206-10470-1@dCNY36.80 | |
| 100 | @a20241118d2024 demy0chiy50 ea | |
| 101 | 0 | @achi |
| 102 | @aCN@b220000 | |
| 105 | @aa q 000yy | |
| 106 | @ar | |
| 200 | 1 | @a新教材完全考卷@Axin jiao cai wan quan kao juan@i七年级生物@h上@e冀少@f张硕主编 |
| 210 | @a长春@c吉林人民出版社@d2024 | |
| 215 | @a56页,7栏@c图@d30×42cm | |
| 300 | @a梓耕书系 | |
| 304 | @a本书无题名页,200字段信息取自版权页 | |
| 307 | @a每页2栏 | |
| 606 | 0 | @a生物课@x初中@j习题集 |
| 606 | 0 | @a生物课 |
| 690 | @aG634@v5 | |
| 690 | @aG634.915@v5 | |
| 701 | 0 | @a张硕@Azhang shuo@4主编 |
| 801 | 0 | @aCN@bAHXH@c20241118 |
| 905 | @b214194548@b214194557@b214194566@b214194575@b214194584@dG634@e5287@f5 | |
| 新教材完全考卷.七年级生物.上:冀少/张硕主编.-长春:吉林人民出版社,2024 |
| 56页,7栏:图;30×42cm |
| 梓耕书系 |
| ISBN 978-7-206-10470-1:CNY36.80 |
| ● |
| 相关链接 |
|
|
|
|
正题名:新教材完全考卷
索取号:G634/5287
 
预约/预借
| 序号 | 登录号 | 条形码 | 馆藏地/架位号 | 状态 | 备注 |
| 1 | 1419454 | 214194548 | 第一样本阅览室/ [索取号:G634/5287] | 在馆 | |
| 2 | 1419455 | 214194557 | 第四借阅区/ [索取号:G634/5287] | 在馆 | |
| 3 | 1419456 | 214194566 | 第四借阅区/ [索取号:G634/5287] | 在馆 | |
| 4 | 1419457 | 214194575 | 第四借阅区/ [索取号:G634/5287] | 在馆 | |
| 5 | 1419458 | 214194584 | 第四借阅区/ [索取号:G634/5287] | 在馆 |